[Event "Polanica Zdroj op-D 49th"]
[Site "Polanica Zdroj"]
[Date "2013.08.23"]
[Round "7"]
[White "Lech, Piotr"]
[Black "Szydelko, Marcin"]
[Result "1-0"]
[WhiteElo "1823"]
[BlackElo "1892"]
[PlyCount "89"]
[EventDate "2013.08.17"]
[EventType "swiss"]
[EventRounds "9"]
[EventCountry "POL"]
[SourceTitle "EXT 2014"]
[Source "ChessBase"]
[SourceDate "2013.11.20"]
[SourceVersion "1"]
[SourceVersionDate "2013.11.20"]
[SourceQuality "1"]

1. d4 Nf6 2. c4 e6 3. Nc3 Bb4 4. Qc2 b6 5. Bg5 Bb7 6. a3 Bxc3+ 7. Qxc3 d6 8. f3 Nbd7 9. Nh3 h6 10. Bd2 d5 11. c5 bxc5 12. dxc5 Bc6 13. e3 0-0 14. b4 Ba4 15. Ba6 c6 16. 0-0 e5 17. Nf2 Ne8 18. Nd3 Nc7 19. Nb2 Nxa6 20. Nxa4 f5 21. e4 fxe4 22. fxe4 d4 23. Qc4+ Kh7 24. Qxa6 Qh4 25. Qe2 Nf6 26. Rae1 g6 27. Rf3 Nh5 28. Ref1 Rxf3 29. Rxf3 a5 30. Nb6 Rd8 31. Qf2 Qxe4 32. Rf7+ Kg8 33. Rc7 Rf8 34. Rc8 Qb1+ 35. Qe1 Qxe1+ 36. Bxe1 Rxc8 37. Nxc8 axb4 38. Bxb4 Nf4 39. Ne7+ Kf7 40. Nxc6 Ke6 41. g3 Nd3 42. Kf1 Kd5 43. Ne7+ Ke6 44. Nxg6 e4 45. Nf4+ 1-0

[Event "POL-chT3 Kujawsko Pomorskie 1213"]
[Site "Poland"]
[Date "2013.01.13"]
[Round "6.13"]
[White "Lech, Piotr"]
[Black "Czapiewski, Waldemar"]
[Result "1/2-1/2"]
[WhiteElo "1842"]
[BlackElo "1879"]
[PlyCount "101"]
[EventDate "2012.11.04"]
[EventType "team-tourn"]
[EventRounds "11"]
[EventCountry "POL"]
[SourceTitle "EXT 2015"]
[Source "ChessBase"]
[SourceDate "2014.11.20"]
[SourceVersion "1"]
[SourceVersionDate "2014.11.20"]
[SourceQuality "1"]
[WhiteTeam "Szubin Szachowa Dwojka"]
[BlackTeam "Chojnice UKS Osemka"]
[WhiteTeamCountry "POL"]
[BlackTeamCountry "POL"]

1. d4 d5 2. c4 e6 3. Nc3 Nf6 4. Bg5 Nbd7 5. cxd5 exd5 6. Nf3 Be7 7. e3 0-0 8. Bd3 c6 9. 0-0 Ne4 10. Bxe7 Qxe7 11. Qc2 f5 12. Rab1 Ng5 13. Nxg5 Qxg5 14. Ne2 Nf6 15. b4 Nh5 16. g3 f4 17. Bxh7+ Kh8 18. Qg6 Qg4 19. Qxg4 Bxg4 20. Bd3 Bh3 21. Rfe1 fxe3 22. f4 g5 23. Bg6 Nxf4 24. gxf4 gxf4 25. Nxf4 Rxf4 26. Rxe3 Rg4+ 27. Rg3 Rg8 28. Bh5 Rxd4 29. Rbb3 Bg4 30. Bxg4 Rgxg4 31. Rxg4 Rxg4+ 32. Kf2 Kg7 33. b5 Ra4 34. bxc6 Rxa2+ 35. Ke3 bxc6 36. Rc3 Kf6 37. Rxc6+ Ke5 38. h4 Rh2 39. Ra6 Rxh4 40. Rxa7 Rh3+ 41. Kd2 Ke4 42. Re7+ Kd4 43. Rg7 Rh2+ 44. Kd1 Kc3 45. Rg3+ Kc4 46. Kc1 d4 47. Kd1 Rb2 48. Rh3 Ra2 49. Kc1 Re2 50. Kd1 Re4 51. Kd2 1/2-1/2

[Event "POL-chT3 Kujawsko Pomorskie 1213"]
[Site "Poland"]
[Date "2013.01.06"]
[Round "5.18"]
[White "Szmidt, Przemyslaw"]
[Black "Lech, Piotr"]
[Result "0-1"]
[WhiteElo "1902"]
[BlackElo "1842"]
[PlyCount "56"]
[EventDate "2012.11.04"]
[EventType "team-tourn"]
[EventRounds "11"]
[EventCountry "POL"]
[SourceTitle "EXT 2015"]
[Source "ChessBase"]
[SourceDate "2014.11.20"]
[SourceVersion "1"]
[SourceVersionDate "2014.11.20"]
[SourceQuality "1"]
[WhiteTeam "Swiecie Gambit"]
[BlackTeam "Szubin Szachowa Dwojka"]
[WhiteTeamCountry "POL"]
[BlackTeamCountry "POL"]

1. e4 e5 2. Nf3 Nf6 3. Nxe5 d6 4. Nf3 Nxe4 5. Nc3 Nxc3 6. dxc3 Be7 7. Bd3 0-0 8. h4 Nd7 9. Bxh7+ Kxh7 10. Ng5+ Kg8 11. Be3 Nf6 12. Qd3 g6 13. 0-0-0 Bf5 14. Qd2 Ng4 15. Bf4 Bf6 16. h5 Nxf2 17. hxg6 Bxg6 18. Qxf2 Bxg5 19. Qg3 Bf6 20. Kb1 Qd7 21. Rd5 Qe6 22. Rdh5 Qe4 23. R5h4 Qxc2+ 24. Ka1 Bxh4 25. Qxh4 Bh7 26. Bg5 Qg6 27. Bf6 Rfe8 28. c4 Re4 0-1

[Event "Kujawsko Pomorskie-ch op-A 65th"]
[Site "Szubin"]
[Date "2012.08.15"]
[Round "8.8"]
[White "Kroczka, Gromoslaw"]
[Black "Lech, Piotr"]
[Result "1-0"]
[WhiteElo "1571"]
[BlackElo "1886"]
[PlyCount "57"]
[EventDate "2012.08.09"]
[EventType "swiss"]
[EventRounds "9"]
[EventCountry "POL"]
[SourceTitle "EXT 2023"]
[Source "ChessBase"]
[SourceDate "2022.10.05"]
[SourceVersion "1"]
[SourceVersionDate "2022.10.05"]
[SourceQuality "1"]

1. e4 e5 2. Nf3 Nf6 3. Nxe5 d6 4. Nf3 Nxe4 5. Nc3 Nxc3 6. dxc3 Be7 7. Bf4 0-0 8. Qd2 Nd7 9. 0-0-0 Nc5 10. Be3 Ne4 11. Qd5 Nf6 12. Qd4 Ng4 13. Bf4 Bf6 14. Qd2 Be6 15. Kb1 Ne5 16. Be2 Qc8 17. h4 Bg4 18. h5 c5 19. h6 g6 20. Qxd6 Qf5 21. Bxe5 Bxe5 22. Qxe5 Qxe5 23. Nxe5 Bxe2 24. Rd2 Rfe8 25. Rxe2 f6 26. Rhe1 Rad8 27. Nd3 Rxe2 28. Rxe2 c4 29. Nc1 1-0

[Event "Kujawsko Pomorskie-ch op-A 65th"]
[Site "Szubin"]
[Date "2012.08.15"]
[Round "5.9"]
[White "Mlodzinska, Irena"]
[Black "Lech, Piotr"]
[Result "1/2-1/2"]
[WhiteElo "1916"]
[BlackElo "1886"]
[PlyCount "78"]
[EventDate "2012.08.09"]
[EventType "swiss"]
[EventRounds "9"]
[EventCountry "POL"]
[SourceTitle "EXT 2023"]
[Source "ChessBase"]
[SourceDate "2022.10.05"]
[SourceVersion "1"]
[SourceVersionDate "2022.10.05"]
[SourceQuality "1"]

1. e4 e5 2. Nf3 Nf6 3. d4 exd4 4. e5 Ne4 5. Qxd4 d5 6. exd6 Nxd6 7. Nc3 Nc6 8. Bb5 Nxb5 9. Qxd8+ Kxd8 10. Nxb5 Bb4+ 11. c3 a6 12. Nxc7 Kxc7 13. cxb4 Re8+ 14. Be3 Nxb4 15. 0-0 Nd3 16. Bd4 Bg4 17. Rfd1 Bxf3 18. Rxd3 Bc6 19. Bxg7 Rad8 20. Rxd8 Rxd8 21. Bc3 Ba4 22. b3 Bc6 23. h4 Rd3 24. Rc1 Kd7 25. a4 Bd5 26. b4 Bb3 27. a5 Rd1+ 28. Rxd1+ Bxd1 29. Bd4 Ke6 30. Kh2 Kf5 31. Kg3 h5 32. f3 Be2 33. Be3 Bd1 34. Kf2 Ba4 35. Bg5 Bb5 36. Be7 Bc4 37. g3 Bd5 38. Ke3 Bc6 39. Bd6 Bd5 1/2-1/2

[Event "POL-chT4 Kujawsko Pomorskie 1011"]
[Site "Poland"]
[Date "2011.03.13"]
[Round "8.51"]
[White "Lech, Piotr"]
[Black "Bieganski, Zdzislaw"]
[Result "1-0"]
[WhiteElo "1897"]
[BlackElo "1905"]
[PlyCount "93"]
[EventDate "2010.11.07"]
[EventType "team-swiss"]
[EventRounds "10"]
[EventCountry "POL"]
[SourceTitle "EXT 2019"]
[Source "ChessBase"]
[SourceDate "2018.10.10"]
[SourceVersion "1"]
[SourceVersionDate "2018.10.10"]
[SourceQuality "1"]

1. d4 e6 2. c4 d5 3. Nc3 Nf6 4. Bg5 Be7 5. e3 0-0 6. Nf3 Nbd7 7. Rc1 c6 8. Bd3 dxc4 9. Bxc4 Nd5 10. Bxe7 Qxe7 11. Ne4 N5b6 12. Bd3 e5 13. 0-0 exd4 14. Nxd4 Nf6 15. Ng3 Qb4 16. Qe2 g6 17. a3 Qe7 18. e4 Re8 19. Rfe1 Ng4 20. h3 Nf6 21. f4 Qd6 22. Qf2 Rd8 23. Nge2 Qe7 24. Nc3 c5 25. Nd5 Nfxd5 26. exd5 Qf8 27. Nb5 Nxd5 28. Be4 Be6 29. Rxc5 a6 30. Nc7 Nxc7 31. Rxc7 Bd5 32. Bxd5 Rxd5 33. Rxb7 Rad8 34. Ree7 Rd2 35. Qa7 Rd1+ 36. Kh2 Ra8 37. Rxf7 Rxa7 38. Rxf8+ Kxf8 39. Rxa7 Rd2 40. b4 Rd6 41. Rxh7 Kg8 42. Rc7 Kf8 43. Rc3 Ke7 44. a4 Rd4 45. Rb3 Rxf4 46. b5 Rxa4 47. b6 1-0

[Event "POL-chT4 Kujawsko Pomorskie 1011"]
[Site "Poland"]
[Date "2010.12.12"]
[Round "3.66"]
[White "Lech, Piotr"]
[Black "Wruck, Wieslaw"]
[Result "1/2-1/2"]
[WhiteElo "1897"]
[BlackElo "1919"]
[PlyCount "52"]
[EventDate "2010.11.07"]
[EventType "team-swiss"]
[EventRounds "10"]
[EventCountry "POL"]
[SourceTitle "EXT 2019"]
[Source "ChessBase"]
[SourceDate "2018.10.10"]
[SourceVersion "1"]
[SourceVersionDate "2018.10.10"]
[SourceQuality "1"]

1. d4 g6 2. c4 Bg7 3. e4 d6 4. Nc3 Nc6 5. Nf3 e5 6. dxe5 dxe5 7. Qxd8+ Nxd8 8. Nd5 Kd7 9. g3 c6 10. Nc3 Ne7 11. Be3 Ke8 12. Bg2 Bg4 13. 0-0 f6 14. Rad1 Kf7 15. Rd3 b6 16. c5 b5 17. Nd2 b4 18. Na4 Be2 19. Rd7 Bxf1 20. Bxf1 Ne6 21. Nc4 Rhd8 22. Nd6+ Kf8 23. Rb7 Rdb8 24. Rd7 Rd8 25. Rb7 Rdb8 26. Rd7 Rd8 1/2-1/2

[Event "POL-chT4 Kujawsko Pomorskie 1011"]
[Site "Poland"]
[Date "2010.11.21"]
[Round "2.61"]
[White "Krol, Slawomir"]
[Black "Lech, Piotr"]
[Result "1-0"]
[WhiteElo "2022"]
[BlackElo "1897"]
[PlyCount "105"]
[EventDate "2010.11.07"]
[EventType "team-swiss"]
[EventRounds "10"]
[EventCountry "POL"]
[SourceTitle "EXT 2019"]
[Source "ChessBase"]
[SourceDate "2018.10.10"]
[SourceVersion "1"]
[SourceVersionDate "2018.10.10"]
[SourceQuality "1"]

1. e4 e5 2. Bc4 Nf6 3. d3 c6 4. Nf3 d5 5. Bb3 Bd6 6. Nbd2 0-0 7. 0-0 h6 8. Re1 Re8 9. c3 Nbd7 10. Nf1 Nc5 11. Bc2 dxe4 12. dxe4 Bg4 13. h3 Bh5 14. Ng3 Bg6 15. Nh4 Bh7 16. Nhf5 Bf8 17. Qf3 Qd7 18. Nxh6+ gxh6 19. Qxf6 Rad8 20. Bxh6 Re6 21. Qg5+ Rg6 22. Rad1 Qxd1 23. Rxd1 Rxd1+ 24. Bxd1 Rxg5 25. Bxg5 Nxe4 26. Nxe4 Bxe4 27. f3 Bb1 28. a3 Kg7 29. Kf2 Kg6 30. Be3 Bh6 31. Bb3 Bxe3+ 32. Kxe3 f6 33. Bc4 Kg5 34. g3 Bf5 35. h4+ Kh6 36. Bd3 Be6 37. f4 exf4+ 38. Kxf4 Kg7 39. Bf5 Bd5 40. Bd7 Bg2 41. Bg4 Bd5 42. Kf5 Bc4 43. Bf3 Kf7 44. Be4 Be6+ 45. Kf4 Kg7 46. g4 Kf7 47. g5 Bh3 48. Bf5 Bg2 49. Bc8 c5 50. Bf5 Bc6 51. Be4 Bb5 52. Bxb7 Bd3 53. b4 1-0

[Event "POL-chT3 Kujawsko Pomorskie 0910"]
[Site "Poland"]
[Date "2009.12.20"]
[Round "4.2"]
[White "Lech, Piotr"]
[Black "Zoltanski, Grzegorz"]
[Result "1-0"]
[WhiteElo "1913"]
[BlackElo "1866"]
[PlyCount "57"]
[EventDate "2009.11.08"]
[EventType "team-tourn"]
[EventRounds "11"]
[EventCountry "POL"]
[SourceTitle "EXT 2020"]
[Source "ChessBase"]
[SourceDate "2019.10.17"]
[SourceVersion "1"]
[SourceVersionDate "2019.10.17"]
[SourceQuality "1"]

1. d4 e5 2. dxe5 f6 3. Nf3 Nc6 4. exf6 Qxf6 5. g3 Bc5 6. Bg2 Nge7 7. 0-0 0-0 8. Nc3 Bb6 9. Be3 Bxe3 10. fxe3 d6 11. Nd4 Qe5 12. Rxf8+ Kxf8 13. Qf1+ Kg8 14. Qf4 Qxf4 15. gxf4 Nxd4 16. exd4 Nf5 17. d5 Ne3 18. Nb5 Bd7 19. Nd4 Re8 20. Bf3 g6 21. Rc1 Re7 22. c4 b6 23. b4 Bg4 24. Kf2 Bxf3 25. Kxf3 Nf5 26. Ne6 Ng7 27. Nxg7 Kxg7 28. Rc3 a6 29. Ra3 1-0

[Event "Bydgoszcz Fordonski op 3rd"]
[Site "Bydgoszcz"]
[Date "2007.12.29"]
[Round "2.14"]
[White "Lech, Piotr"]
[Black "Brzezinski, Mateusz"]
[Result "1/2-1/2"]
[WhiteElo "1834"]
[BlackElo "1751"]
[PlyCount "72"]
[EventDate "2007.12.28"]
[EventType "swiss"]
[EventRounds "5"]
[EventCountry "POL"]
[SourceTitle "EXT 2023"]
[Source "ChessBase"]
[SourceDate "2022.10.05"]
[SourceVersion "1"]
[SourceVersionDate "2022.10.05"]
[SourceQuality "1"]

1. d4 d5 2. c4 c6 3. Nc3 Nf6 4. e3 e6 5. Nf3 Bd6 6. b3 Nbd7 7. Qc2 0-0 8. Be2 Re8 9. 0-0 e5 10. cxd5 cxd5 11. Nb5 Bb8 12. Ba3 e4 13. Nd2 Nf8 14. Rac1 Ne6 15. Rfd1 a6 16. Nc3 b5 17. Nf1 Ra7 18. Bc5 Nxc5 19. dxc5 Rae7 20. Nxb5 axb5 21. Bxb5 Bd7 22. Bxd7 Rxd7 23. b4 Qc7 24. h3 Rc8 25. a4 Ba7 26. Qc3 Qc6 27. Qa3 Rdc7 28. Nd2 Nd7 29. Nb3 Qb7 30. Nd4 Ne5 31. Nb5 Nc4 32. Qb3 Rd7 33. Nd4 Rdd8 34. c6 Qc7 35. Nb5 Qb6 36. c7 Rxc7 1/2-1/2

[Event "POL-chT Region 0607"]
[Site "Poland"]
[Date "2007.02.11"]
[Round "6"]
[White "Lech, Piotr"]
[Black "Grzelak, Jaroslaw"]
[Result "1-0"]
[WhiteElo "2000"]
[BlackElo "1834"]
[PlyCount "73"]
[EventDate "2006.11.12"]
[EventType "team"]
[EventRounds "11"]
[EventCountry "POL"]
[SourceTitle "EXT 2008"]
[Source "ChessBase"]
[SourceDate "2007.11.25"]
[SourceVersion "1"]
[SourceVersionDate "2007.11.25"]
[SourceQuality "1"]

1. d4 Nf6 2. c4 g6 3. Nc3 Bg7 4. e4 d6 5. Nf3 0-0 6. h3 e5 7. d5 Nbd7 8. Be3 Nc5 9. Qc2 Ne8 10. b4 Nd7 11. c5 a5 12. bxa5 Nxc5 13. Bxc5 dxc5 14. Nd2 f5 15. Bd3 Nd6 16. 0-0 Bd7 17. Rab1 Bh6 18. Nc4 Nxc4 19. Bxc4 fxe4 20. d6+ Kh8 21. dxc7 Qxc7 22. Nd5 Qxa5 23. Nb6 Rad8 24. Nxd7 Rxd7 25. Qxe4 Qc7 26. Bd5 b6 27. g3 Bg7 28. Rb3 Rfd8 29. Be6 Rd4 30. Qb1 R8d6 31. Bg4 c4 32. Rc1 e4 33. Be2 Rc6 34. Rbc3 Bh6 35. R1c2 Bd2 36. Qb4 Rd8 37. Rxd2 1-0

[Event "POL-chT Region 0607"]
[Site "Poland"]
[Date "2007.02.04"]
[Round "7"]
[White "Pawlowski, Pawel"]
[Black "Lech, Piotr"]
[Result "1/2-1/2"]
[WhiteElo "1950"]
[BlackElo "2000"]
[PlyCount "120"]
[EventDate "2006.11.12"]
[EventType "team"]
[EventRounds "11"]
[EventCountry "POL"]
[SourceTitle "EXT 2008"]
[Source "ChessBase"]
[SourceDate "2007.11.25"]
[SourceVersion "1"]
[SourceVersionDate "2007.11.25"]
[SourceQuality "1"]

1. g3 d5 2. c4 e6 3. Bg2 Nf6 4. Nf3 Be7 5. d4 dxc4 6. Qa4+ Bd7 7. Qxc4 Bc6 8. 0-0 0-0 9. Nc3 Nbd7 10. Re1 Nb6 11. Qd3 Nbd5 12. a3 Nxc3 13. bxc3 Be4 14. Qb5 a6 15. Qb2 c5 16. e3 Qd5 17. c4 Qh5 18. Qe2 b5 19. dxc5 bxc4 20. Bb2 Nd5 21. Bd4 f6 22. Rac1 e5 23. Qxc4 Bxf3 24. e4 Bxg2 25. Kxg2 Qf7 26. exd5 exd4 27. d6 Bxd6 28. cxd6 Rad8 29. Qxd4 Qb7+ 30. Kg1 Rd7 31. Rcd1 Qb3 32. Rd3 Qa2 33. Qa4 Rfd8 34. Qxa6 Qc2 35. Red1 Qc5 36. Rd5 Ra7 37. Rxc5 Rxa6 38. d7 Kf7 39. Rc8 Ke7 40. Rxd8 Kxd8 41. Rd3 Ra4 42. h3 Re4 43. Kg2 f5 44. h4 g6 45. Kf1 f4 46. f3 Ra4 47. g4 Rc4 48. Ke2 Rc2+ 49. Kd1 Rh2 50. a4 Rxh4 51. a5 Rh2 52. Rd4 Ra2 53. Rxf4 h5 54. gxh5 gxh5 55. Rf5 h4 56. Rh5 Kxd7 57. Rxh4 Rxa5 58. Re4 Ra2 59. Ke1 Kd6 60. Kf1 Kd5 1/2-1/2

[Event "POL-chT Region 0607"]
[Site "Poland"]
[Date "2006.11.12"]
[Round "1"]
[White "Wodzynski, Michal"]
[Black "Lech, Piotr"]
[Result "1-0"]
[WhiteElo "1960"]
[BlackElo "2000"]
[PlyCount "47"]
[EventDate "2006.11.12"]
[EventType "team"]
[EventRounds "11"]
[EventCountry "POL"]
[SourceTitle "EXT 2008"]
[Source "ChessBase"]
[SourceDate "2007.11.25"]
[SourceVersion "1"]
[SourceVersionDate "2007.11.25"]
[SourceQuality "1"]

1. e4 e5 2. Nf3 Nf6 3. Nxe5 d6 4. Nf3 Nxe4 5. Nc3 Nxc3 6. dxc3 Be7 7. Bf4 0-0 8. Qd2 Nd7 9. 0-0-0 a5 10. h4 Nc5 11. Bd3 Ne6 12. Ng5 g6 13. Nxe6 fxe6 14. Bh6 Rf7 15. h5 g5 16. g4 e5 17. Bc4 Bxg4 18. Qd5 Qe8 19. Rdg1 Bd7 20. Bxg5 Bxg5+ 21. Rxg5+ Kf8 22. Rhg1 Ke7 23. Qxf7+ Qxf7 24. Bxf7 1-0